[Event "Regionalliga SW 1314"]
[Site "Bayern"]
[Date "2013.10.13"]
[Round "1.1"]
[White "Zollbrecht, Josef"]
[Black "Andersen, Jens Knud"]
[Result "1-0"]
[WhiteElo "2267"]
[BlackElo "2143"]
[PlyCount "83"]
[EventDate "2013.10.13"]
[EventType "team-tourn"]
[EventRounds "9"]
[EventCountry "GER"]
[SourceTitle "EXT 2015"]
[Source "ChessBase"]
[SourceDate "2014.11.20"]
[SourceVersion "1"]
[SourceVersionDate "2014.11.20"]
[SourceQuality "1"]
[WhiteTeam "Dachau"]
[BlackTeam "Mering"]
[WhiteTeamCountry "GER"]
[BlackTeamCountry "GER"]

1. Nf3 d5 2. d4 Nf6 3. e3 c5 4. c3 e6 5. Bd3 Nc6 6. 0-0 Be7 7. Nbd2 0-0 8. Qe2 Qc7 9. dxc5 Bxc5 10. e4 a6 11. e5 Nd7 12. Nb3 Be7 13. Bf4 Re8 14. Rfe1 Nf8 15. h4 Bd7 16. h5 f6 17. Qd2 fxe5 18. Nxe5 Bd6 19. Qe3 Re7 20. Nd4 Be8 21. Nexc6 bxc6 22. Bxd6 Qxd6 23. Nf5 Qc7 24. Nxe7+ Qxe7 25. h6 gxh6 26. Bf5 Kf7 27. Qxh6 Qf6 28. Qh5+ Ke7 29. Qh3 Kd6 30. Bxh7 Ra7 31. Bc2 Rg7 32. Re3 Bg6 33. Rf3 Qe5 34. Qg3 Bxc2 35. Qxe5+ Kxe5 36. Rxf8 Kd6 37. f3 e5 38. Kf2 e4 39. Rh1 e3+ 40. Kxe3 Rxg2 41. Rh6+ Kc5 42. Rff6 1-0

[Event "Biel MTO op"]
[Site "Biel"]
[Date "2005.07.24"]
[Round "6"]
[White "Stock, Lara"]
[Black "Zollbrecht, Josef"]
[Result "0-1"]
[WhiteElo "2164"]
[BlackElo "2304"]
[PlyCount "86"]
[EventDate "2005.07.18"]
[EventType "swiss"]
[EventRounds "11"]
[EventCountry "SUI"]
[SourceTitle "CBM 107 Extra"]
[Source "ChessBase"]
[SourceDate "2005.09.01"]
[SourceVersion "1"]
[SourceVersionDate "2005.09.01"]
[SourceQuality "1"]

1. d4 f5 2. c4 Nf6 3. Nc3 g6 4. Nf3 Bg7 5. e3 b6 6. Be2 Bb7 7. 0-0 0-0 8. b4 e6 9. Bb2 d6 10. d5 exd5 11. cxd5 Ne4 12. Nd4 Nxc3 13. Bxc3 Bxd5 14. Bf3 Bxf3 15. Qxf3 Bxd4 16. Qd5+ Rf7 17. Qxd4 Kf8 18. Rac1 Nd7 19. Rfd1 Nf6 20. a4 Qe7 21. b5 a6 22. Qc4 a5 23. Bb2 Re8 24. Qd4 Qd8 25. Rc4 Re4 26. Qc3 Rxc4 27. Qxc4 Ne4 28. Rc1 Nc5 29. f3 Qe8 30. Qd4 Qe6 31. Qh8+ Ke7 32. Bd4 Kd7 33. Bxc5 bxc5 34. Kf2 Qa2+ 35. Kg3 Qxa4 36. Qb8 f4+ 37. Kh3 fxe3 38. b6 cxb6 39. Qb7+ Ke6 40. Qxb6 Qb4 41. Qd8 e2 42. Qc8+ Kf6 43. Qh8+ Ke7 0-1

[Event "Biel MTO op"]
[Site "Biel"]
[Date "2004.07.26"]
[Round "7"]
[White "Kaenel, Hansjuerg"]
[Black "Zollbrecht, Josef"]
[Result "1-0"]
[WhiteElo "2356"]
[BlackElo "2296"]
[PlyCount "91"]
[EventDate "2004.07.19"]
[EventType "swiss"]
[EventRounds "11"]
[EventCountry "SUI"]
[SourceTitle "EXT 2005"]
[Source "ChessBase"]
[SourceDate "2004.11.15"]
[SourceVersion "1"]
[SourceVersionDate "2004.11.15"]
[SourceQuality "1"]

1. Nf3 Nf6 2. e3 g6 3. b4 Bg7 4. Bb2 d5 5. c4 c6 6. a4 0-0 7. d4 a5 8. b5 cxb5 9. axb5 dxc4 10. Bxc4 b6 11. 0-0 Bb7 12. Nbd2 Ne4 13. Nxe4 Bxe4 14. Ne5 Ra7 15. Qb3 e6 16. f3 Ba8 17. Rac1 Rc7 18. Nxf7 Rfxf7 19. Bxe6 Rcd7 20. e4 Bb7 21. Kh1 Rde7 22. Ba3 Rxe6 23. Qxe6 Nd7 24. Rfd1 Nf8 25. Qb3 Bh6 26. Rc3 Bf4 27. g3 Bb8 28. d5 Nd7 29. d6 Qf6 30. Bb2 Qd8 31. Rc6 h6 32. Qe6 Nf8 33. Qe5 Rh7 34. h4 Qd7 35. Qd5+ Rf7 36. Kg2 Ne6 37. Rd2 Ng7 38. Qc4 Bxc6 39. bxc6 Qe6 40. Qd4 Qb3 41. f4 Kh7 42. d7 Bc7 43. d8Q Bxd8 44. Qxd8 Qc4 45. Qd5 b5 46. Be5 1-0

[Event "Biel MTO op"]
[Site "Biel"]
[Date "2004.07.22"]
[Round "4"]
[White "Zollbrecht, Josef"]
[Black "Tischbierek, Raj"]
[Result "1/2-1/2"]
[WhiteElo "2296"]
[BlackElo "2468"]
[PlyCount "40"]
[EventDate "2004.07.19"]
[EventType "swiss"]
[EventRounds "11"]
[EventCountry "SUI"]
[SourceTitle "EXT 2005"]
[Source "ChessBase"]
[SourceDate "2004.11.15"]
[SourceVersion "1"]
[SourceVersionDate "2004.11.15"]
[SourceQuality "1"]

1. Nf3 b5 2. d4 Bb7 3. Bf4 Nf6 4. e3 a6 5. h3 e6 6. Nbd2 c5 7. c3 Nc6 8. Be2 d5 9. 0-0 Be7 10. dxc5 Bxc5 11. b4 Bd6 12. Bxd6 Qxd6 13. a4 bxa4 14. Rxa4 0-0 15. Qa1 Ne7 16. c4 dxc4 17. Nxc4 Qb8 18. Nce5 Ned5 19. Rc1 Rc8 20. b5 Rxc1+ 1/2-1/2

[Event "Biel MTO op"]
[Site "Biel"]
[Date "2003.07.31"]
[Round "10"]
[White "Kurmann, Oliver"]
[Black "Zollbrecht, Josef"]
[Result "1-0"]
[WhiteElo "2239"]
[BlackElo "2308"]
[PlyCount "69"]
[EventDate "2003.07.19"]
[EventType "swiss"]
[EventRounds "11"]
[EventCountry "SUI"]
[SourceTitle "CBM 095 Extra"]
[Source "ChessBase"]
[SourceDate "2003.09.04"]
[SourceVersion "1"]
[SourceVersionDate "2003.09.04"]
[SourceQuality "1"]

1. e4 Nf6 2. Nc3 d5 3. e5 Nfd7 4. d4 e6 5. Nce2 c5 6. f4 cxd4 7. Nxd4 Qb6 8. Ngf3 Be7 9. c3 Nc5 10. Be2 Nc6 11. 0-0 h6 12. Be3 g5 13. Nxc6 Qxc6 14. Nd4 Qc7 15. Nb5 Qc6 16. Nd4 Qc7 17. Nb5 Qc6 18. fxg5 hxg5 19. Bxg5 Bxg5 20. Nd6+ Ke7 21. Rxf7+ Kd8 22. Rg7 Ne4 23. Nxe4 Qb6+ 24. Kh1 Bf4 25. g3 Bxe5 26. Rg5 Qc7 27. Qd3 Qh7 28. Rh5 Qxe4+ 29. Qxe4 dxe4 30. Rxe5 Bd7 31. Bb5 Bxb5 32. Rxb5 Ke7 33. Re1 Rad8 34. Re2 Rd5 35. Rb4 1-0

[Event "Biel MTO op"]
[Site "Biel"]
[Date "2002.07.28"]
[Round "6"]
[White "Zollbrecht, Josef"]
[Black "Heinis, Vincent"]
[Result "0-1"]
[WhiteElo "2326"]
[BlackElo "2228"]
[PlyCount "47"]
[EventDate "2002.07.22"]
[EventType "swiss"]
[EventRounds "11"]
[EventCountry "SUI"]
[SourceTitle "EXT 2003"]
[Source "ChessBase"]
[SourceDate "2002.11.25"]
[SourceVersion "1"]
[SourceVersionDate "2002.11.25"]
[SourceQuality "1"]

1. c4 Nf6 2. g3 g6 3. Bg2 Bg7 4. Nf3 d6 5. Nc3 0-0 6. 0-0 Nc6 7. Rb1 Bf5 8. d3 Qd7 9. Re1 Bh3 10. Bh1 h6 11. b4 Ng4 12. Nd5 e5 13. b5 Nd8 14. d4 c6 15. Nc3 exd4 16. bxc6 Nxc6 17. Nd5 g5 18. Bb2 Rae8 19. Nxd4 Nxf2 20. Kxf2 Nxd4 21. Bxd4 Qf5+ 22. Bf3 g4 23. Bxg7 gxf3 24. e4 0-1

[Event "Biel MTO op"]
[Site "Biel"]
[Date "2002.07.24"]
[Round "3"]
[White "Leutwyler, Martin"]
[Black "Zollbrecht, Josef"]
[Result "1/2-1/2"]
[WhiteElo "2149"]
[BlackElo "2326"]
[PlyCount "49"]
[EventDate "2002.07.22"]
[EventType "swiss"]
[EventRounds "11"]
[EventCountry "SUI"]
[SourceTitle "EXT 2003"]
[Source "ChessBase"]
[SourceDate "2002.11.25"]
[SourceVersion "1"]
[SourceVersionDate "2002.11.25"]
[SourceQuality "1"]

1. d4 Nf6 2. Nf3 g6 3. c4 Bg7 4. Nc3 d5 5. Bg5 Ne4 6. Bh4 Nxc3 7. bxc3 c5 8. cxd5 Qxd5 9. e3 Nc6 10. Be2 cxd4 11. cxd4 0-0 12. 0-0 a6 13. a4 Rd8 14. Rb1 Bf5 15. Rc1 h6 16. Bc4 Qd7 17. Qb3 Qe8 18. Qxb7 Na5 19. Qb4 Nxc4 20. Qxc4 Bd7 21. Ra1 Rdc8 22. Qb4 e5 23. Nxe5 Bxe5 24. dxe5 Qxe5 25. Bg3 1/2-1/2

[Event "Biel MTO op"]
[Site "Biel"]
[Date "2002.07.23"]
[Round "2"]
[White "Zollbrecht, Josef"]
[Black "Al Modiahki, Mohamad"]
[Result "0-1"]
[WhiteElo "2326"]
[BlackElo "2523"]
[PlyCount "58"]
[EventDate "2002.07.22"]
[EventType "swiss"]
[EventRounds "11"]
[EventCountry "SUI"]
[SourceTitle "EXT 2003"]
[Source "ChessBase"]
[SourceDate "2002.11.25"]
[SourceVersion "1"]
[SourceVersionDate "2002.11.25"]
[SourceQuality "1"]

1. c4 Nf6 2. g3 g6 3. Bg2 Bg7 4. Nf3 0-0 5. 0-0 d6 6. Nc3 a6 7. d4 Nc6 8. b3 Rb8 9. a4 a5 10. Ba3 Nb4 11. Rc1 Re8 12. Qd2 c6 13. Rfd1 Qb6 14. h3 Qa7 15. d5 Bd7 16. Nd4 Qb6 17. e4 e5 18. dxe6 Bxe6 19. Na2 Bxh3 20. Bxb4 Bxg2 21. Bxa5 Qa7 22. Bc7 Rbc8 23. Kxg2 Nxe4 24. Qe3 Rxc7 25. Nc3 Rce7 26. Nce2 Qc5 27. Qd3 Nxf2 28. Kxf2 Rxe2+ 29. Qxe2 Bxd4+ 0-1

[Event "Biel MTO op"]
[Site "Biel"]
[Date "2001.07.30"]
[Round "7"]
[White "Zollbrecht, Josef"]
[Black "Riazantsev, Alexander"]
[Result "0-1"]
[WhiteElo "2306"]
[BlackElo "2509"]
[PlyCount "74"]
[EventDate "2001.07.23"]
[EventType "swiss"]
[EventRounds "11"]
[EventCountry "SUI"]
[SourceTitle "CBM 083 Extra"]
[Source "ChessBase"]
[SourceDate "2001.09.11"]
[SourceVersion "1"]
[SourceVersionDate "2001.09.11"]
[SourceQuality "1"]

1. g3 d5 2. Nf3 Nf6 3. Bg2 Bf5 4. c4 c6 5. b3 e6 6. Bb2 Be7 7. 0-0 0-0 8. d3 h6 9. Nbd2 Nbd7 10. a3 a5 11. Qb1 Re8 12. Bc3 Bf8 13. Qb2 Qe7 14. Ne5 Nxe5 15. Bxe5 Nd7 16. Bc3 Nb6 17. d4 Bg6 18. a4 f5 19. f3 Qc7 20. e4 f4 21. c5 Nd7 22. gxf4 Qxf4 23. Rae1 e5 24. exd5 cxd5 25. Bh3 exd4 26. Bxd7 dxc3 27. Qxc3 Rxe1 28. Rxe1 Bxc5+ 29. Qxc5 Qxd2 30. Re7 Qg5+ 31. Kf2 Rf8 32. Be6+ Kh7 33. Qc7 Qd2+ 34. Kg3 Qe1+ 35. Kg4 h5+ 36. Kg5 Qa1 37. Bxd5 Qf6# 0-1

[Event "Biel MTO op"]
[Site "Biel"]
[Date "2001.07.27"]
[Round "5"]
[White "Tseitlin, Mark D"]
[Black "Zollbrecht, Josef"]
[Result "0-1"]
[WhiteElo "2509"]
[BlackElo "2306"]
[PlyCount "118"]
[EventDate "2001.07.23"]
[EventType "swiss"]
[EventRounds "11"]
[EventCountry "SUI"]
[SourceTitle "CBM 083 Extra"]
[Source "ChessBase"]
[SourceDate "2001.09.11"]
[SourceVersion "1"]
[SourceVersionDate "2001.09.11"]
[SourceQuality "1"]

1. e4 d6 2. d4 Nf6 3. Nc3 g6 4. Bg5 Bg7 5. Qd2 h6 6. Bh4 g5 7. Bg3 Nh5 8. 0-0-0 c6 9. Kb1 b5 10. Nce2 Nd7 11. f3 Nb6 12. Bf2 Nc4 13. Qe1 a5 14. g4 Nf6 15. Ng3 h5 16. Nf5 Bf8 17. Ne3 hxg4 18. Nxc4 bxc4 19. Bxc4 d5 20. exd5 cxd5 21. Bb5+ Bd7 22. Bxd7+ Qxd7 23. Bg3 Nh5 24. fxg4 Qxg4 25. Bc7 Rh6 26. Ne2 Re6 27. Rd2 Rc8 28. Rg1 Qe4 29. Be5 f6 30. Bg3 Nxg3 31. Qxg3 Qe3 32. Rgd1 Qxg3 33. hxg3 Re3 34. g4 e6 35. Rh1 Kf7 36. c3 Bd6 37. Kc2 Kg6 38. a4 Re4 39. Rg1 Rh8 40. Nc1 Rh4 41. Rdg2 Bh2 42. Rh1 Bc7 43. Rhg1 Bh2 44. Rh1 Bf4 45. Rhg1 Be3 46. Re1 Bxc1 47. Rxe4 dxe4 48. Kxc1 f5 49. Kd2 f4 50. b4 f3 51. Rf2 Rxg4 52. b5 Rg1 53. c4 Kf5 54. c5 Kf4 55. Re2 fxe2 56. Kxe2 Rg2+ 57. Kd1 Ke3 58. Kc1 Kd3 59. b6 e3 0-1

[Event "Biel MTO op"]
[Site "Biel"]
[Date "2001.07.24"]
[Round "2"]
[White "Zollbrecht, Josef"]
[Black "Fish, Gennadij"]
[Result "1-0"]
[WhiteElo "2306"]
[BlackElo "2502"]
[PlyCount "121"]
[EventDate "2001.07.23"]
[EventType "swiss"]
[EventRounds "11"]
[EventCountry "SUI"]
[SourceTitle "CBM 083 Extra"]
[Source "ChessBase"]
[SourceDate "2001.09.11"]
[SourceVersion "1"]
[SourceVersionDate "2001.09.11"]
[SourceQuality "1"]

1. g3 d5 2. Nf3 Nf6 3. Bg2 g6 4. c4 d4 5. e3 c5 6. exd4 cxd4 7. 0-0 Bg7 8. d3 Nc6 9. a3 a5 10. Nbd2 0-0 11. Rb1 Rb8 12. Qc2 Bf5 13. b4 axb4 14. axb4 b5 15. cxb5 Na7 16. b6 Nb5 17. Nc4 Nc3 18. Nfe5 Rxb6 19. Nxb6 Qxb6 20. Nc6 Re8 21. b5 Nxb1 22. Qxb1 e5 23. Ba3 Bf8 24. Bxf8 Kxf8 25. Re1 Nd7 26. Qb4+ Kg7 27. Nxd4 Bxd3 28. Bc6 Rf8 29. Nf3 Nb8 30. Nxe5 Nxc6 31. Qxf8+ Kxf8 32. Nd7+ Kg7 33. Nxb6 Bxb5 34. f3 Nd4 35. Kf2 Bc6 36. Re3 h5 37. Nc4 Bd5 38. Rd3 Bxc4 39. Rxd4 Be6 40. h4 Kf6 41. Rf4+ Kg7 42. Ra4 Bb3 43. Rb4 Bd5 44. Ke3 Kf6 45. Kf4 Ba8 46. Rb8 Bd5 47. Rg8 Bc4 48. g4 hxg4 49. fxg4 Ke7 50. g5 Kd6 51. Rb8 Be6 52. Rb6+ Kd5 53. Rb5+ Kc6 54. Ra5 Kd6 55. Ke4 Bc8 56. Rd5+ Ke6 57. Rb5 Kd6 58. Rb6+ Kc7 59. Rf6 Be6 60. Rxe6 fxe6 61. h5 1-0

[Event "Biel MTO op"]
[Site "Biel"]
[Date "1998.??.??"]
[Round "11"]
[White "Benitah, Yohan"]
[Black "Zollbrecht, Josef"]
[Result "1/2-1/2"]
[WhiteElo "2345"]
[BlackElo "2310"]
[PlyCount "31"]
[EventDate "1998.07.21"]
[EventType "swiss"]
[EventRounds "11"]
[EventCountry "SUI"]
[SourceTitle "EXT 1999"]
[Source "ChessBase"]
[SourceDate "1998.11.16"]
[SourceVersion "1"]
[SourceVersionDate "1998.11.16"]
[SourceQuality "1"]

1. d4 Nf6 2. c4 g6 3. f3 d5 4. cxd5 Nxd5 5. e4 Nb6 6. Nc3 Bg7 7. Be3 0-0 8. a4 a5 9. Rc1 c6 10. b3 Na6 11. Bxa6 Rxa6 12. Nge2 e5 13. d5 cxd5 14. Bxb6 Rxb6 15. Nxd5 Rc6 16. Rc4 1/2-1/2

[Event "Biel MTO op"]
[Site "Biel"]
[Date "1998.??.??"]
[Round "6"]
[White "Zollbrecht, Josef"]
[Black "Antic, Dejan"]
[Result "0-1"]
[WhiteElo "2310"]
[BlackElo "2460"]
[PlyCount "80"]
[EventDate "1998.07.21"]
[EventType "swiss"]
[EventRounds "11"]
[EventCountry "SUI"]
[SourceTitle "EXT 1999"]
[Source "ChessBase"]
[SourceDate "1998.11.16"]
[SourceVersion "1"]
[SourceVersionDate "1998.11.16"]
[SourceQuality "1"]

1. e4 c5 2. d3 Nc6 3. g3 d5 4. Nd2 e5 5. Bg2 Nf6 6. Ngf3 Be7 7. 0-0 0-0 8. exd5 Nxd5 9. Nc4 f6 10. Re1 Bg4 11. c3 Kh8 12. h3 Bh5 13. Qb3 Nb6 14. Nxb6 axb6 15. Nd2 Bf7 16. Qc2 b5 17. Nb3 Bd5 18. Bf1 f5 19. c4 bxc4 20. dxc4 Bg8 21. a3 e4 22. f3 Ne5 23. Bg2 Bxc4 24. fxe4 Qd3 25. Qxd3 Nxd3 26. Re3 f4 27. gxf4 Nxf4 28. Nd2 Ba6 29. Nf3 c4 30. Re1 Nd3 31. Re2 c3 32. Rc2 Nxc1 33. Raxc1 cxb2 34. Rd1 Bxa3 35. Rc3 Be2 36. Rb1 Bb4 37. Rb3 Ra1 38. R3xb2 Rxb1+ 39. Rxb1 Bc5+ 40. Kh2 Bxf3 0-1

[Event "Biel MTO op"]
[Site "Biel"]
[Date "1998.??.??"]
[Round "9"]
[White "Zollbrecht, Josef"]
[Black "Illijin, Neboisa"]
[Result "1/2-1/2"]
[WhiteElo "2310"]
[BlackElo "2290"]
[PlyCount "85"]
[EventDate "1998.07.21"]
[EventType "swiss"]
[EventRounds "11"]
[EventCountry "SUI"]
[SourceTitle "EXT 1999"]
[Source "ChessBase"]
[SourceDate "1998.11.16"]
[SourceVersion "1"]
[SourceVersionDate "1998.11.16"]
[SourceQuality "1"]

1. e4 c5 2. d3 e6 3. f4 d5 4. Qe2 Nc6 5. Nf3 dxe4 6. dxe4 Nf6 7. Nbd2 Be7 8. c3 0-0 9. Nc4 b6 10. e5 Nd5 11. Qe4 Bb7 12. Bd3 g6 13. 0-0 b5 14. Na3 b4 15. cxb4 Ndxb4 16. Bc4 Na5 17. Qe2 Nxc4 18. Nxc4 Ba6 19. Be3 Qd5 20. b3 Rad8 21. Bf2 Nd3 22. Rfd1 Nxf4 23. Qe3 Qxd1+ 24. Rxd1 Rxd1+ 25. Be1 Bxc4 26. bxc4 Nh5 27. g4 Ng7 28. Kg2 h5 29. h3 Rb8 30. Bc3 Rbd8 31. Bd2 Bf8 32. Kf2 Rb8 33. Qa3 Rb7 34. Ke2 Rh1 35. Qa4 Re7 36. Ng5 Rh2+ 37. Kd3 Ne8 38. Bf4 Rh1 39. Ne4 Rxh3+ 40. Ke2 hxg4 41. Bg5 Rh2+ 42. Kd3 Rh3+ 43. Ke2 1/2-1/2

[Event "Biel MTO op"]
[Site "Biel"]
[Date "1997.??.??"]
[Round "8"]
[White "Zollbrecht, Josef"]
[Black "Sedina, Elena"]
[Result "1-0"]
[WhiteElo "2295"]
[BlackElo "2400"]
[PlyCount "75"]
[EventDate "1997.07.21"]
[EventType "swiss"]
[EventRounds "11"]
[EventCountry "SUI"]
[SourceTitle "CBM 060 Extra"]
[Source "ChessBase"]
[SourceDate "1997.11.04"]
[SourceVersion "1"]
[SourceVersionDate "1997.11.04"]
[SourceQuality "1"]

1. e4 e6 2. Qe2 c5 3. g3 Nc6 4. Bg2 g6 5. c3 Bg7 6. d3 Nge7 7. f4 d6 8. Nf3 0-0 9. 0-0 Rb8 10. Be3 b5 11. d4 cxd4 12. cxd4 d5 13. e5 b4 14. Rc1 Qb6 15. Nbd2 Ba6 16. Qf2 Na5 17. g4 f6 18. exf6 Rxf6 19. Ne5 Bb5 20. Qg3 Rff8 21. b3 Rfc8 22. Ndf3 Qd6 23. Qh4 Be8 24. Rc5 Nb7 25. Rac1 h6 26. f5 exf5 27. Rxc8 Rxc8 28. Rxc8 Nxc8 29. Bxh6 Bxh6 30. Qxh6 Qf8 31. Qg5 Kh7 32. Qh4+ Qh6 33. Ng5+ Kg7 34. Ne6+ Kh7 35. Qe1 Nb6 36. g5 Qh5 37. Bf3 Qh3 38. Nf4 1-0

[Event "Biel MTO op"]
[Site "Biel"]
[Date "1993.??.??"]
[Round "5"]
[White "Zollbrecht, Josef"]
[Black "Cvitan, Ognjen"]
[Result "1-0"]
[WhiteElo "2280"]
[BlackElo "2550"]
[PlyCount "85"]
[EventDate "1993.07.??"]
[EventType "swiss"]
[EventRounds "11"]
[EventCountry "SUI"]
[SourceTitle "TD"]
[Source "ChessBase"]
[SourceDate "1994.03.01"]
[SourceVersion "1"]
[SourceVersionDate "1994.03.01"]
[SourceQuality "1"]

1. e4 c5 2. f4 Nc6 3. Nf3 g6 4. g3 Bg7 5. Bg2 e6 6. d3 Nge7 7. c3 0-0 8. Be3 b6 9. 0-0 Ba6 10. Re1 Rc8 11. Bf2 d6 12. Na3 e5 13. d4 cxd4 14. cxd4 exf4 15. gxf4 d5 16. e5 Bh6 17. Bg3 Qd7 18. Ng5 Nf5 19. Bh3 Nce7 20. Nxf7 Rxf7 21. e6 Qe8 22. exf7+ Qxf7 23. Qa4 Bd3 24. Qd7 Re8 25. Rad1 Be4 26. Nb5 Kg7 27. Nc7 Rb8 28. Ne6+ Kh8 29. Rc1 Bg7 30. Rc7 Bf6 31. Rec1 Rg8 32. Rc8 Nxd4 33. Rxg8+ Qxg8 34. Nxd4 Bxd4+ 35. Kf1 Bf6 36. Be6 Qf8 37. Rc7 h5 38. f5 Bd3+ 39. Ke1 d4 40. Bd6 Bh4+ 41. Kd1 Qa8 42. Rb7 Bb5 43. Qc7 1-0

[Event "BL2-Sued 9091"]
[Site "Germany"]
[Date "1991.??.??"]
[Round "?.3"]
[White "Migl, Dieter"]
[Black "Zollbrecht, Josef"]
[Result "1-0"]
[WhiteElo "2235"]
[BlackElo "2255"]
[PlyCount "93"]
[EventDate "1990.10.??"]
[EventType "team-tourn"]
[EventRounds "9"]
[EventCountry "GER"]
[SourceTitle "GER-chT2"]
[Source "ChessBase"]
[SourceDate "1999.07.01"]
[SourceVersion "1"]
[SourceVersionDate "1999.07.01"]
[SourceQuality "1"]
[WhiteTeam "Stuttgart"]
[BlackTeam "Bayern Muenchen II"]
[WhiteTeamCountry "GER"]
[BlackTeamCountry "GER"]

1. e4 d6 2. d4 Nf6 3. Nc3 g6 4. f4 Bg7 5. Nf3 c5 6. Bb5+ Bd7 7. e5 Ng4 8. Bxd7+ Qxd7 9. d5 dxe5 10. h3 e4 11. Nxe4 Nf6 12. Nxf6+ Bxf6 13. 0-0 0-0 14. c4 e6 15. Ne5 Qd6 16. Qb3 b6 17. Ng4 Bd4+ 18. Be3 exd5 19. cxd5 Bxe3+ 20. Nxe3 Nd7 21. Rad1 Rae8 22. Nc4 Qb8 23. Qb5 Rd8 24. Qc6 b5 25. Na3 b4 26. Nc4 Nb6 27. Na5 c4 28. Qb5 Rxd5 29. Rxd5 Nxd5 30. Qxd5 Qb6+ 31. Kh1 Rd8 32. Qe5 f6 33. Nxc4 fxe5 34. Nxb6 axb6 35. fxe5 Rd2 36. e6 Re2 37. Rf4 b3 38. a3 Kg7 39. Rf7+ Kh6 40. e7 b5 41. h4 g5 42. hxg5+ Kxg5 43. Rxh7 Kg6 44. Rh3 Rxe7 45. Rxb3 Re5 46. Kg1 Kf5 47. Kf2 1-0

[Event "BL2-Sued 8889"]
[Site "Germany"]
[Date "1989.??.??"]
[Round "?.3"]
[White "Roemer, Ulrich"]
[Black "Zollbrecht, Josef"]
[Result "1-0"]
[WhiteElo "2280"]
[BlackElo "2260"]
[PlyCount "55"]
[EventDate "1988.10.??"]
[EventType "team-tourn"]
[EventRounds "9"]
[EventCountry "GER"]
[SourceTitle "GER-chT2"]
[Source "ChessBase"]
[SourceDate "1999.07.01"]
[SourceVersion "1"]
[SourceVersionDate "1999.07.01"]
[SourceQuality "1"]
[WhiteTeam "Ulm"]
[BlackTeam "Bayern Muenchen II"]
[WhiteTeamCountry "GER"]
[BlackTeamCountry "GER"]

1. d4 Nf6 2. c4 g6 3. Nc3 d5 4. cxd5 Nxd5 5. e4 Nxc3 6. bxc3 Bg7 7. Bc4 0-0 8. Ne2 c5 9. 0-0 Nc6 10. Be3 Na5 11. Bd3 b6 12. Qd2 cxd4 13. cxd4 e5 14. dxe5 Bxe5 15. Rac1 Bg7 16. f4 Bb7 17. e5 Qd7 18. Nd4 Rfd8 19. Rfd1 Bf8 20. f5 Qa4 21. Bb5 Qa3 22. e6 fxe6 23. fxg6 hxg6 24. Qf2 e5 25. Qg3 Bg7 26. Rc7 Qf8 27. Rf1 Qe8 28. Bxe8 1-0